00633nam a2200229Ia 4500003000900000008004100009040001300050040001300063041000800076100001600084245002200100250001000122260002100132260000900153300001000162490000600172700001200178700001200190942000700202999001300209952018100222IT-RoPAU120407s9999 xx 000 0 und d aIT-RoPAU cIT-RoPAU aita aSchreibmayr aSomma catechetica aRoma  aHerder - Ancora  c1962 c21 cm v1 aFischer aTilmann cBK c328d328 00102ddc406238_41000000000000071aPAULUSbPAULUSd2012-04-11l0o238.41r2012-04-11 00:00:00w2012-04-11yBKzInserito da: In data: n.d. fondo: Via A.Severo 56 Progr:33089